| 000 | 00656nam a2200217 a 4500 | ||
|---|---|---|---|
| 005 | 20140311163015.0 | ||
| 008 | 061115s19uu xx 00 eng d | ||
| 020 | _a1403936013 | ||
| 050 |
_aHV 1568.25.G7 _b.D56 2006 |
||
| 245 |
_aDisability and psychology: _bcritical introductions and reflections. / _cedited by Dan Goodley |
||
| 260 |
_aNew York : _bPalgrave Macmillan, _c2006. |
||
| 300 |
_a228 p. : _c22 cm. |
||
| 521 | _aPSYCH | ||
| 650 | _aDisability studies. | ||
| 650 | _aPsychology. | ||
| 650 | _aSociology of disability. | ||
| 650 | _aPeople with disabilities. | ||
| 700 | _aLawthom, Rebecca | ||
| 942 |
_cBK _2lcc _kFOR |
||
| 999 |
_c39412 _d39412 |
||